000 00765nam a2200193Ii 4500
003 JO-AjNU
008 230606s9999||||xx |||||||||||||| ||und||
040 _aJO-AjNU
_beng
_erda
_cJO-AjNU
041 _aeng
050 1 4 _aPN871.2017
100 3 _aPreparation Al- RabadI,Majdoleen ؛ supervisor Mahmoud AL-Sobh, Co Supervisor Samer Al-Zoubi,
_eauthor
_95816
245 0 0 _aProblems that Face Ajloun National University Students In Using Comparative and Superiative Adjectives
264 3 1 _aAjIoun: AjIoun National University, 2017
300 _a23p
_b Graduation project, AjIoun National University, 2017
336 _atext
_btxt
_2rdacontent
337 _aunmediated
_bn
_2rdamedia
338 _avolume
_bnc
_2rdacarrier
650 4 _aComparative literature
_95817
999 _aE3017
_c3014
_d3014